000 00661nam a2200277Ia 4500
005 20260324125507.0
008 008 260324s9999 xx 000 0 eng d
020 _a9781315591544
037 _aEBOOK
040 _aCRL
040 _beng
040 _cCRL
041 _2eng
041 _aeng
084 _qCRL
100 _aZenon Bankowski; Maksymilian Del Mar
_91178184
245 0 _aLaw as Institutional Normative Order
260 _bTaylor and Francis
260 _c2009
365 _a
365 _b240
856 _uhttp://www.taylorfrancis.com/books/9781315591544
942 _cEBOOK
999 _c1773516
_d1773516